[Event "Bogota Superate Intercol Adv B"]
[Site "Bogota"]
[Date "2014.10.28"]
[Round "6.7"]
[White "Criado, Juan Daniel"]
[Black "Maya Serrato, Dylan David"]
[Result "1-0"]
[WhiteElo "1632"]
[BlackElo "1803"]
[PlyCount "45"]
[EventDate "2014.10.28"]
[EventType "swiss (blitz)"]
[EventRounds "8"]
[EventCountry "COL"]
[SourceTitle "EXT 2024"]
[Source "ChessBase"]
[SourceDate "2023.10.10"]
[SourceVersion "1"]
[SourceVersionDate "2023.10.10"]
[SourceQuality "1"]

1. Nf3 Nf6 2. g3 d5 3. c4 e6 4. Bg2 Bd6 5. 0-0 0-0 6. b3 c5 7. Bb2 Nbd7 8. e3 b6 9. Nc3 Bb7 10. cxd5 exd5 11. d4 cxd4 12. Nxd4 Bc5 13. Na4 Rc8 14. Rc1 Re8 15. Qd2 Ne4 16. Qe2 Bxd4 17. Bxd4 Bc6 18. Nc3 Nxc3 19. Rxc3 Nf6 20. Rfc1 Bb7 21. Bxf6 Qxf6 22. Rxc8 Rxc8 23. Rxc8+ 1-0

[Event "Bogota Superate Intercol Adv-B"]
[Site "Bogota"]
[Date "2014.10.26"]
[Round "3.7"]
[White "Criado, Juan Daniel"]
[Black "Chaux, Jesus David"]
[Result "0-1"]
[WhiteElo "1632"]
[BlackElo "1767"]
[PlyCount "66"]
[EventDate "2014.10.25"]
[EventType "swiss (rapid)"]
[EventRounds "6"]
[EventCountry "COL"]
[SourceTitle "EXT 2024"]
[Source "ChessBase"]
[SourceDate "2023.10.10"]
[SourceVersion "1"]
[SourceVersionDate "2023.10.10"]
[SourceQuality "1"]

1. d4 Nf6 2. c4 g6 3. Nc3 Bg7 4. e4 d6 5. f3 0-0 6. Be3 e5 7. d5 Nh5 8. Qd2 f5 9. Nge2 f4 10. Bf2 Nd7 11. Nc1 a5 12. Nd3 b6 13. Be2 Kh8 14. g4 Nhf6 15. h4 h5 16. a4 Nc5 17. Nxc5 bxc5 18. 0-0-0 hxg4 19. fxg4 Nxg4 20. Bf3 Qf6 21. Rdg1 Ne3 22. h5 g5 23. h6 Bxh6 24. Bxe3 fxe3 25. Qxe3 Kg7 26. Bg4 Qf4 27. Qxf4 Rxf4 28. Bxc8 Rxc8 29. Rf1 Rcf8 30. Rxf4 Rxf4 31. Re1 g4 32. Kb1 g3 33. Nb5 g2 0-1